| 000 | 004240000a22001690004500 | ||
|---|---|---|---|
| 003 | MACL | ||
| 005 | 20160101123247.0 | ||
| 008 | 160101b xxu||||| |||| 00| 0 eng d | ||
| 040 |
_aMACL _cMACL |
||
| 041 | _aEnglish | ||
| 082 | _a345.2 | ||
| 100 |
_aCalcutta _926243 |
||
| 245 |
_aPublic Works Department Code _bGovt. of India |
||
| 260 |
_bCalcutta _c1886 _aCalcutta |
||
| 650 |
_aLaws _926244 |
||
| 942 |
_cBK _k345.2/CAL _2ddc |
||
| 999 |
_c37450 _d37450 |
||